1715 1991 1080 1252 1469 1003 1718 1173 1580 1771 1454 1443 1551 1057 1454 1329 1015 1682 1462 1845 1391 1156 1929 1205 1507 1390 1592 1051 1891 1609 1187 1512 1257 1299 1128 1652 1993 1629 1138 1430 1810 1606 1654 1544 1768 1889 1090 1157 1595 1068 1600 1244 1528 1514 1707 1311 1765 1918 1576 1963 1615 1297 1252 1053 1911 1572 1842 1103 1688 1035 1561 1912 1264 1744 1291 1182 1558 1612 1935 1658 1787 1357 1045 1998 1077 1128 1379 1964 1869 1482 1414 1065 1143 1782 1342 1924 1669 1758 1741 BCNSPRNW ULIB Ver.6.0+V

เปลี่ยนเป็นภาษาไทย

Change to English
 แสดงรายละเอียดบรรณานุกรม
  กลับหน้าหลัก

Brief Record : Get Marc (ISO 2709) : E-mail record : QR code < ปิดหน้าต่าง
LEADER : 00000nam 2200000uu 4500
001    13399109017
003     ULIB
008    110318s2545||||th 000 0 tha d
020    9749580397
060  4 WY20.5^bก343ว 2545
100 0  กนกอร บุญมาก
110 1  สำนักงานปลัดกระทรวงสาธารณสุข^bกองการพยาบาล
245 00 วิจัยทางการพยาบาล/^cบรรณาธิการโดย เพียงใจ มีไพฑูรย์, พัชรี เนียมศรี, นิตยาจาร กิตติเดชา และภัทรพร สุขบุษย
260    นนทบุรี:^bเอส.ที.พี กราฟฟิค^c2545
300    199 หน้า :^bตาราง
650  7 การพยาบาล^xวิจัย
945    ^p0^l0^i015745
995    เกษร
999 ^a ใช้งานได้ทุกระบบ
รายการนี้ยังไม่มีแท็ก
คุณยังไม่ได้ล็อกอิน คุณสามารถมีกิจกรรมร่วมกับเว็บไซต์ได้ แต่ต้องล็อกอินก่อน ::
  ล็อกอิน

รายการสื่อสารสนเทศ

ลำดับที่ ประเภท เลขเรียก/บาร์โค้ด สถานที่ สถานะ
- ไม่พบข้อมูล -

BibComment


ยังไม่เคยถูกคอมเมนท์

คอมเมนท์ทรัพยากรรายการนี้
  คอมเมนท์: วิจัยทางการพยาบาล..


 Copyright 2026. Bcnsprnw @Library